000 00695nam a22002177a 4500
999 _c6032
_d6032
003 OSt
005 20260127153549.0
008 260127b ||||| |||| 00| 0 eng d
020 _a9786235429267
040 _cKH8
082 _a352.1159 ASE
110 _aASEAN Secretariat,
_ecorporat author.
245 _aLet's Travel through ASEAN History.
260 _aJakarta ;
_bASEAN Secretariat ,
_cSeptember 2023.
300 _a47 pages :
_bcolour illustrations ;
_c21 cm.
500 _aSumbangan daripada Bahagian Komuniti Sosio-Budaya ASEAN(ASCCD).
650 2 0 _aHistory
_xComic
650 1 0 _aASEAN
_vAssociation
_xSoutheast Asia
710 _aASEAN Secretariat
_eissuing body.
942 _2ddc
_cNFIC